| 000 | 00928nam a2200289 i 4500 | ||
|---|---|---|---|
| 001 | 66774 | ||
| 003 | ES-MaACL | ||
| 005 | 20230906165829.0 | ||
| 007 | t| | ||
| 008 | 030604s2003 sp ||||0| spa d | ||
| 020 | _a84-8307-556-3 | ||
| 040 |
_aM-BN _bspa _cM-BN |
||
| 080 | _a1(091) | ||
| 100 | 1 |
_aHöffe, Otfried. _963937 |
|
| 245 | 1 | 0 |
_aBreve historia ilustrada de la filosofía _b: el mundo de las ideas a través de 180 imágenes / _cOtfried Höffe ; traducción de José Luis Gil Aristu. |
| 250 | _a1ª ed. | ||
| 260 |
_aBarcelona : _bPenínsula, _c2003. |
||
| 300 |
_a381 p. : _bil. col. y n. ; _c25 cm. |
||
| 490 | 1 |
_aAtalaya ; _v123 |
|
| 504 | _aBibliografía: p. 367-368. Indice. | ||
| 650 | 4 |
_aFilosofía- _vHistoria. _9158248 |
|
| 700 | 1 |
_aGil Aristu, José Luis. _956766 |
|
| 830 | 0 |
_aAtalaya ; _v123 _9180261 |
|
| 852 |
_aES-MaACL _jL-27258 _bR.132848 |
||
| 999 |
_c66774 _d66774 |
||